La educación profesional en España
Gespeichert in:
| Hauptverfasser: | , |
|---|---|
| Format: | Buch |
| Sprache: | Spanisch |
| Veröffentlicht: |
Madrid
Fundación Santillana
2002
|
| Schlagworte: | |
| Tags: |
Tag hinzufügen
Keine Tags, Fügen Sie den ersten Tag hinzu!
|
MARC
| LEADER | 00000nam a2200000 a 4500 | ||
|---|---|---|---|
| 001 | UCL8277 | ||
| 003 | CL-VaPUC | ||
| 008 | 040618e20020000SP |||||||||||||||||spa|d | ||
| 020 | |a 8488295529 | ||
| 082 | 0 | 4 | |a 373.46 |b PER |2 21 |
| 100 | 0 | |a Pérez-Díaz, Víctor |e author |9 486186 | |
| 700 | 0 | |a Rodríguez, Juan Carlos |e author |9 486187 | |
| 245 | 1 | 3 | |a La educación profesional en España |
| 300 | |a 406 p | ||
| 942 | |c BK | ||
| 945 | |d 20040618 00:00:00 |a cmena | ||
| 260 | |a Madrid |b Fundación Santillana |c 2002 | ||
| 650 | 7 | |a ENSEÑANZA PROFESIONAL |2 CL-VaPUC |9 486188 | |
| 650 | 0 | |a Estado y educación |9 311264 | |
| 650 | 0 | |a Sistemas educacionales |9 324695 | |
| 650 | 0 | |a Trabajo y empleo |9 315054 | |
| 651 | 0 | |a España |9 254926 | |
| 583 | |a last modification |c 20040618 00:00:00 |k Rodrigo Vera | ||
| 999 | |c 309632 |d 309630 | ||
| 952 | |0 0 |1 0 |4 0 |6 373_460000000000000_PER_2002 |7 0 |8 A |9 377255 |a BIBEDU |b BIBEDU |d 2019-11-21 |i 4026063 |o 373.46 PER 2002 |p 4026063 |r 2019-11-21 |w 2019-11-21 |y BK |k FIL | ||